| 000 | 00331cam a22001217a 4500 | ||
|---|---|---|---|
| 008 | 180718b1961 xxu||||| |||| 00| 0 eng d | ||
| 082 | _aA383 K119 | ||
| 100 | _aKafka, Franz | ||
| 245 |
_aThe Castle _cby Franz Kafka |
||
| 260 |
_aLondon _bSecker & Warburg _c1961 |
||
| 300 | _a451p. | ||
| 500 | _aOriginal ed. 1926. Definitive ed. 1953 | ||
| 999 |
_c371006 _d371006 |
||